00848nam a22002171 450000100060000000300080000600500170001400800410003103500190007203500190009104000550011004100080016508200200017311000520019324502250024526000370047030000350050765000320054270000190057471000370059334652BD-RjUL20211209052207.0140518s1950 enka 000 0 eng d a(BD-RjUL)34746 a(OCoLC)2037863 aDLCcABAUdABAUdOCoLCdTQGdUkdDLCdBD-RjULbeng aeng00a362.7bEIG 19502 aSelly Oak Colleges.bWesthill Training College.10aEighty thousand adolescents :ba study of young people in the city of Birmingham by the staff and students of Westhill Training College, for the Edward Cadbury Charitable Trust /cDirected and described by Bryan H. Reed. aLondon :bAllen & Unwin ,c1950. aviii, 188 p. :bill. ;c26 cm. 0aYouthzEnglandzBirmingham.1 aReed, Bryan H.2 aEdward Cadbury Charitable Trust.